Introduction to petroleum geology / (Record no. 11255)
[ view plain ]
| 000 -LEADER | |
|---|---|
| fixed length control field | 00878cam a22002892 4500 |
| 001 - CONTROL NUMBER | |
| control field | 11255 |
| 003 - CONTROL NUMBER IDENTIFIER | |
| rucl marc code | BD-RjUL |
| 005 - DATE AND TIME OF LATEST TRANSACTION | |
| control field | 20211208235109.0 |
| 008 - FIXED-LENGTH DATA ELEMENTS--GENERAL INFORMATION | |
| fixed length control field | 140126s1981 enka b 001 0 eng d |
| 020 ## - INTERNATIONAL STANDARD BOOK NUMBER | |
| International Standard Book Number | 0901360120 |
| International Standard Book Number | 0872013995 |
| 035 ## - SYSTEM CONTROL NUMBER | |
| System control number | (BD-RjUL)11304 |
| 040 ## - CATALOGING SOURCE | |
| Original cataloging agency | RCE |
| Transcribing agency | RCE |
| Modifying agency | OCL |
| -- | EQO |
| -- | BD-RjUL |
| Language of cataloging | eng |
| 041 ## - LANGUAGE CODE | |
| Language code of text/sound track or separate title | eng |
| 082 04 - DEWEY DECIMAL CLASSIFICATION NUMBER | |
| Edition number | 19 |
| Classification number | 553.282 |
| Author mark and year | HOI |
| 090 ## - LOCALLY ASSIGNED LC-TYPE CALL NUMBER (OCLC); LOCAL CALL NUMBER (OCLC) | |
| Classification number (OCLC) (R) ; Classification number, CALL (RLIN) (NR) | TN870.5 |
| Local cutter number (OCLC) ; Book number/undivided call number, CALL (RLIN) | .H62 1981 |
| 100 1# - MAIN ENTRY--PERSONAL NAME | |
| Personal name | Hobson, George Douglas. |
| 9 (RLIN) | 34830 |
| 245 10 - TITLE STATEMENT | |
| Title | Introduction to petroleum geology / |
| Statement of responsibility, etc. | by G.D. Hobson and E.N. Tiratsoo. |
| 250 ## - EDITION STATEMENT | |
| Edition statement | 2nd ed. |
| 260 ## - PUBLICATION, DISTRIBUTION, ETC. (IMPRINT) | |
| Place of publication, distribution, etc. | Beaconsfield, Eng. : |
| Name of publisher, distributor, etc. | Scientific Press, |
| Date of publication, distribution, etc. | 1981. |
| 300 ## - PHYSICAL DESCRIPTION | |
| Pagination | viii, 352 p. : |
| Illustrations | ill., maps ; |
| Size | 25 cm. |
| 504 ## - BIBLIOGRAPHY, ETC. NOTE | |
| Bibliography, etc | Includes bibliographies and index. |
| 650 #0 - SUBJECT ADDED ENTRY--TOPICAL TERM | |
| Topical term or geographic name as entry element | Petroleum |
| General subdivision | Geology. |
| 9 (RLIN) | 34055 |
| 700 1# - ADDED ENTRY--PERSONAL NAME | |
| Personal name | Tiratsoo, E. N. |
| Fuller form of name | (Eric Neshan) |
| 942 ## - ADDED ENTRY ELEMENTS (KOHA) | |
| Source of classification or shelving scheme | Dewey Decimal Classification |
| Koha item type | Books |
| Lost status | Source of classification or shelving scheme | Damaged status | Not for loan | Permanent Location | Current Location | Shelving location | Date acquired | Source of acquisition | Cost, normal purchase price | Total Checkouts | Full call number | Date last seen | Copy number | Koha item type | Collection code |
|---|---|---|---|---|---|---|---|---|---|---|---|---|---|---|---|
| Dewey Decimal Classification | Central Library, University of Rajshahi | Central Library, University of Rajshahi | 09/04/1986 | Karim International | 22.00 | 553.282 HOI 1981 | 26/01/2014 | C-3 | Books | ||||||
| Dewey Decimal Classification | Not For Loan | Central Library, University of Rajshahi | Central Library, University of Rajshahi | Reading Room | 10/07/1985 | Tulip Enterprize, Dhaka | 1734.00 | 553.282 HOI 1981 | 18/04/2017 | C-1 | Books | Non-fiction | |||
| Dewey Decimal Classification | Central Library, University of Rajshahi | Central Library, University of Rajshahi | 09/04/1986 | Karim International | 22.00 | 553.282 HOI 1981 | 21/05/2017 | C-2 | Books | Non-fiction |